LIBRARY & INFORMATION CENTRE, KCAET, TAVANUR

ONLINE PUBLIC ACCESS CATALOGUE (OPAC)

Modern Electronic Instrumentation and Measurement Techniques (Record no. 9307)

MARC details
000 -LEADER
fixed length control field 00487cam a2200169ua 4500
003 - CONTROL NUMBER IDENTIFIER
control field OSt
008 - FIXED-LENGTH DATA ELEMENTS--GENERAL INFORMATION
fixed length control field 250104b |||||||| |||| 00| 0 eng d
020 ## - INTERNATIONAL STANDARD BOOK NUMBER
ISBN 81 203 0752 6
082 ## - DEWEY DECIMAL CLASSIFICATION NUMBER
Classification number 621.371
Item number HEL/MO
100 ## - MAIN ENTRY--AUTHOR NAME
Personal name Helfrick, Albert D .
100 ## - MAIN ENTRY--AUTHOR NAME
Personal name Cooper, William D .
245 ## - TITLE STATEMENT
Title Modern Electronic Instrumentation and Measurement Techniques
250 ## - EDITION STATEMENT
Edition statement 1 /
260 ## - PUBLICATION, DISTRIBUTION, ETC. (IMPRINT)
Place of publication New Delhi :
Name of publisher Prentice Hall of India Pvt Ltd. ,
Year of publication 2014
300 ## - PHYSICAL DESCRIPTION
Number of Pages 446 ; .
942 ## - ADDED ENTRY ELEMENTS (KOHA)
Koha item type Books
Holdings
Withdrawn status Lost status Damaged status Home library Current library Date acquired Full call number Accession Number Koha item type Collection code Shelving location Source of acquisition Cost, normal purchase price
      KAUAET KAUAET 07/04/2012 621.371 HEL/MO 20092 Books        
      KAUAET KAUAET 07/04/2012 621.371 HEL/MO 20629 Books        
      KAUAET KAUAET 07/04/2012 621.371 HEL/MO 21189 Books        
      KAUAET KAUAET 27/08/2016 621.371 HEL/MO BB 363 Book Bank scheme for SC students   Scheme Dream Tech Publishers & Book Sellers, Thiruvanathapuram. 350.00
      KAUAET KAUAET 29/05/2018 621.371 HEL/MO BB 380 Book Bank scheme for SC students       3346.00
      KAUAET KAUAET 03/09/2018 621.371 HEL/MO 18934 Books        
      KAUAET KAUAET 03/09/2018 621.371 HEL/MO 18935 Books   Scheme    
      KAUAET KAUAET 04/09/2018 621.371 HEL/MO 18988 Books   Scheme    
free website counter